[Event "Enschede op-E U14"]
[Site "Enschede"]
[Date "2009.08.07"]
[Round "9"]
[White "Boheemen, Vera"]
[Black "Keuning, Lennert"]
[Result "0-1"]
[WhiteElo "403"]
[BlackElo "1022"]
[PlyCount "48"]
[EventDate "2009.08.03"]
[EventType "swiss"]
[EventRounds "9"]
[EventCountry "NED"]
[SourceTitle "CBM 132 Extra"]
[Source "ChessBase"]
[SourceDate "2009.11.03"]
[SourceVersion "1"]
[SourceVersionDate "2009.11.03"]
[SourceQuality "1"]

1. e4 c5 2. Nc3 Nc6 3. Nf3 d6 4. Bb5 Bd7 5. d3 e6 6. Bf4 Nf6 7. 0-0 Be7 8. Bxc6 Bxc6 9. a4 0-0 10. b3 e5 11. Bg5 h6 12. Bxf6 Bxf6 13. Nd5 Bxd5 14. exd5 Qc7 15. c4 Rfe8 16. Qd2 e4 17. dxe4 Rxe4 18. h3 Bxa1 19. Rxa1 Re7 20. Re1 Rae8 21. Rxe7 Qxe7 22. Kf1 b6 23. Qe1 Qd7 24. Qd2 Qf5 0-1